[Event "18.Open Seefeld"]
[Site "Seefeld / Oesterreich"]
[Date "2007.09.05"]
[Round "5"]
[White "Fuchs, Georg"]
[Black "Vatter, Hans-Joachim"]
[Result "1-0"]
[WhiteElo "2193"]
[BlackElo "2319"]
[PlyCount "85"]
[EventDate "2007.09.01"]
[EventType "swiss"]
[EventRounds "9"]
[EventCountry "AUT"]

1. e4 d5 2. exd5 Qxd5 3. Nc3 Qd6 4. d4 Nf6 5. Nge2 Bg4 6. Qd3 c6 7. Bf4 Qd8 8.
O-O-O e6 9. h3 Bf5 10. Qf3 Bd6 11. g4 Bg6 12. Be5 Bxe5 13. dxe5 Nd5 14. h4 h6
15. Nf4 Nd7 16. Nxg6 fxg6 17. Qe4 Nf8 18. f4 Qa5 19. Bc4 O-O-O 20. Bxd5 exd5
21. Qa4 Qb6 22. Rhe1 Rd7 23. f5 h5 24. e6 Re7 25. Qa3 Re8 26. Na4 Qa5 27. b4
Qc7 28. Nc5 b6 29. Na6 Qd6 30. Qc3 Re7 31. b5 c5 32. Re5 d4 33. Qf3 Rb7 34. Rd5
hxg4 35. Qe4 gxf5 36. e7 Qxe7 37. Qxf5+ Qe6 38. Re1 Re7 39. Rxe6 Nxe6 40. Rd6
Rhe8 41. Qd5 Nc7 42. Qf5+ Kb7 43. Rd7 1-0

[Event "18.Open Seefeld"]
[Site "Seefeld / Oesterreich"]
[Date "2007.09.05"]
[Round "5"]
[White "Mertens, Klaus"]
[Black "Kroencke, Manfred"]
[Result "0-1"]
[WhiteElo "2090"]
[BlackElo "2207"]
[PlyCount "80"]
[EventDate "2007.09.01"]
[EventType "swiss"]
[EventRounds "9"]
[EventCountry "AUT"]

1. Nf3 d5 2. g3 Nf6 3. Bg2 c6 4. O-O Bg4 5. d4 Nbd7 6. b3 e6 7. a4 a5 8. Nbd2
Be7 9. Bb2 O-O 10. Re1 Qc7 11. Rc1 Rfe8 12. c4 Bb4 13. Bc3 Bxc3 14. Rxc3 e5 15.
dxe5 Nxe5 16. Nxe5 Qxe5 17. Re3 Qh5 18. Rxe8+ Rxe8 19. f3 Be6 20. Qc1 dxc4 21.
bxc4 Qc5+ 22. Kh1 Qb4 23. Qc2 Rd8 24. Rd1 h6 25. Bf1 Bxc4 26. Nxc4 Rxd1 27.
Qxd1 Qxc4 28. Qd8+ Kh7 29. Qxa5 Qc1 30. Kg2 Nd5 31. Kf2 Qe3+ 32. Kg2 g6 33. Qd8
Kg7 34. Qc8 Qa7 35. e4 Ne3+ 36. Kf2 Ng4+ 37. Kg2 Qf2+ 38. Kh3 Qxh2+ 39. Kxg4
Qh5+ 40. Kf4 Qg5# 0-1

[Event "18.Open Seefeld"]
[Site "Seefeld / Oesterreich"]
[Date "2007.09.05"]
[Round "5"]
[White "van der Weide, Karel"]
[Black "Breedveld, Andre"]
[Result "1-0"]
[WhiteElo "2502"]
[BlackElo "2151"]
[PlyCount "99"]
[EventDate "2007.09.01"]
[EventType "swiss"]
[EventRounds "9"]
[EventCountry "AUT"]

1. e4 c5 2. Nf3 e6 3. d4 cxd4 4. Nxd4 a6 5. Nc3 d6 6. g4 Ne7 7. Bg2 Nbc6 8. Be3
Nxd4 9. Qxd4 Nc6 10. Qd2 Ne5 11. Qe2 Qc7 12. f4 Nc4 13. O-O-O Nxe3 14. Qxe3 Bd7
15. Rd3 Rc8 16. Rhd1 b5 17. R3d2 Qc5 18. Qg3 b4 19. Ne2 a5 20. Kb1 Be7 21. g5
a4 22. h4 a3 23. b3 Bb5 24. Nd4 Ba6 25. Bf1 Bxf1 26. Rxf1 O-O 27. f5 e5 28. Ne2
f6 29. g6 h6 30. Qd3 Rc6 31. Qd5+ Qxd5 32. Rxd5 Rfc8 33. c4 Rc5 34. Rfd1 Kf8
35. Nc1 Rb8 36. Nd3 Rc6 37. Ra5 Rcb6 38. Ne1 Ke8 39. Nc2 Kd7 40. Ne3 R6b7 41.
Nd5 Bf8 42. Ra6 Ke8 43. Kc2 Rc8 44. Kd3 Rcb8 45. Ke2 Rc8 46. Ne3 Kd7 47. Rd5
Kc7 48. Rda5 Rcb8 49. Nd5+ Kd7 50. Ra7 1-0

[Event "18.Open Seefeld"]
[Site "Seefeld / Oesterreich"]
[Date "2007.09.05"]
[Round "5"]
[White "Oettinger, Hagen"]
[Black "Sandhu, Mario"]
[Result "0-1"]
[WhiteElo "2085"]
[BlackElo "2338"]
[PlyCount "68"]
[EventDate "2007.09.01"]
[EventType "swiss"]
[EventRounds "9"]
[EventCountry "AUT"]

1. d4 Nf6 2. Nf3 e6 3. g3 b5 4. Bg2 Bb7 5. O-O c5 6. c3 Be7 7. Nbd2 O-O 8. Re1
cxd4 9. Nxd4 Bxg2 10. Kxg2 a6 11. e4 Qc7 12. f4 Nc6 13. e5 Nd5 14. Ne4 Nxd4 15.
Qxd4 Qc4 16. Be3 Rfc8 17. b3 Qxd4 18. Bxd4 f5 19. exf6 gxf6 20. Rad1 f5 21. Ng5
Bf6 22. Nf3 Bxd4 23. cxd4 Rc2+ 24. Kh3 Rac8 25. Ne5 R8c3 26. Rd3 Rxd3 27. Nxd3
Rc3 28. Rd1 d6 29. Rd2 Ne3 30. Nb4 a5 31. Nd3 b4 32. Nf2 Kf7 33. Nd1 Rc2 34.
Rxc2 Nxc2 0-1

[Event "18.Open Seefeld"]
[Site "Seefeld / Oesterreich"]
[Date "2007.09.05"]
[Round "5"]
[White "Stabolewski, Andreas"]
[Black "Platzgummer, Fabian"]
[Result "1-0"]
[WhiteElo "2263"]
[BlackElo "2124"]
[PlyCount "117"]
[EventDate "2007.09.01"]
[EventType "swiss"]
[EventRounds "9"]
[EventCountry "AUT"]

1. Nf3 Nf6 2. c4 c5 3. Nc3 e6 4. g3 b6 5. Bg2 Bb7 6. O-O Be7 7. Re1 Ne4 8. Qc2
Nxc3 9. dxc3 O-O 10. Ng5 Bxg5 11. Bxb7 Bxc1 12. Raxc1 Nc6 13. Bxa8 Qxa8 14.
Rcd1 Ne5 15. b3 f5 16. f4 Ng4 17. e4 fxe4 18. Qxe4 Qxe4 19. Rxe4 Nf6 20. Re2
Kf7 21. Kg2 g6 22. Rd6 Ke7 23. Rdd2 Kf7 24. Kf3 Ke7 25. Kg2 h6 26. b4 Rc8 27.
b5 Rc7 28. Kf3 Ne8 29. Ke3 Nd6 30. Kd3 Rc8 31. Rd1 Rf8 32. Red2 Rd8 33. a4 Nb7
34. g4 Rf8 35. Ke4 d5+ 36. Kf3 Nd6 37. Re2 Nxc4 38. Rxd5 e5 39. Rexe5+ Nxe5+
40. Rxe5+ Kd6 41. h4 a6 42. Ke4 axb5 43. axb5 Ra8 44. h5 Ra4+ 45. Kf3 g5 46.
Rf5 gxf4 47. Rxf4 Ra3 48. Rf6+ Ke5 49. Rxh6 Rxc3+ 50. Ke2 Kf4 51. Rxb6 Rb3 52.
h6 Kxg4 53. h7 Rh3 54. Rb7 c4 55. b6 Rh2+ 56. Kd1 Kf3 57. Rc7 c3 58. b7 c2+ 59.
Kc1 1-0

[Event "18.Open Seefeld"]
[Site "Seefeld / Oesterreich"]
[Date "2007.09.05"]
[Round "5"]
[White "Gheri, Harald"]
[Black "Natter, Siegfried"]
[Result "0-1"]
[WhiteElo "1955"]
[BlackElo "2233"]
[PlyCount "110"]
[EventDate "2007.09.01"]
[EventType "swiss"]
[EventRounds "9"]
[EventCountry "AUT"]

1. d4 Nf6 2. Bf4 d5 3. Nf3 Ne4 4. c3 e6 5. Nbd2 Bd6 6. Bg3 O-O 7. e3 b6 8. Bd3
Bb7 9. Qc2 f5 10. Be5 c5 11. Bxd6 Qxd6 12. Ne5 Ba6 13. Bxa6 Nxa6 14. O-O b5 15.
f4 Rac8 16. Nxe4 dxe4 17. Rad1 c4 18. Qe2 Nc7 19. g4 fxg4 20. Qxg4 Nd5 21. Qe2
Rf5 22. Kh1 Qe7 23. a3 Qh4 24. Rg1 Qh5 25. Rg2 Ne7 26. Qg4 Qxg4 27. Nxg4 Rff8
28. Nf2 Nf5 29. Re1 Nh4 30. Nxe4 Nxg2 31. Kxg2 Rcd8 32. Kg3 h6 33. h4 Rf5 34.
Re2 Rf7 35. Nc5 Rd6 36. Ne4 Rb6 37. Kf3 a5 38. Nd2 Rc7 39. Rg2 b4 40. axb4 axb4
41. Ne4 b3 42. Nf6+ Kf8 43. Ne4 Kf7 44. Nc5 Rb5 45. Rxg7+ Kxg7 46. Nxe6+ Kf7
47. Nxc7 Ra5 48. Ke4 Ra2 49. Nd5 Rxb2 50. Nb6 Rc2 51. Nxc4 Rxc3 52. Nb2 Rc2 53.
Na4 Ra2 54. Nc3 b2 55. Ke5 Ra3 0-1

[Event "18.Open Seefeld"]
[Site "Seefeld / Oesterreich"]
[Date "2007.09.05"]
[Round "5"]
[White "Wanderer, Thomas"]
[Black "Kammers, Heribert"]
[Result "1-0"]
[WhiteElo "2215"]
[BlackElo "2104"]
[PlyCount "79"]
[EventDate "2007.09.01"]
[EventType "swiss"]
[EventRounds "9"]
[EventCountry "AUT"]

1. e4 e6 2. d3 d5 3. Nd2 Nf6 4. Ngf3 Nc6 5. c3 Bd6 6. g3 O-O 7. Bg2 e5 8. O-O
Be6 9. Re1 Re8 10. Qc2 dxe4 11. dxe4 a5 12. Nf1 Bc5 13. Bg5 h6 14. Be3 Qe7 15.
h3 Red8 16. Qa4 Bxe3 17. Nxe3 Qc5 18. Bf1 Rab8 19. Red1 Rxd1 20. Rxd1 b5 21.
Qc2 a4 22. b4 axb3 23. axb3 Qa3 24. Nd5 Nd7 25. b4 Bxd5 26. exd5 Nxb4 27. cxb4
Qxf3 28. Be2 Qf6 29. Qxc7 Rd8 30. Bxb5 Nf8 31. Bc6 Ne6 32. Qa5 Nd4 33. b5 Ne2+
34. Kg2 e4 35. Qb6 Qf3+ 36. Kh2 Nf4 37. gxf4 Qxf4+ 38. Kg1 Rd6 39. Qe3 Rg6+ 40.
Kf1 1-0

[Event "18.Open Seefeld"]
[Site "Seefeld / Oesterreich"]
[Date "2007.09.05"]
[Round "5"]
[White "Sucher, Johannes"]
[Black "Wallnoefer, Hannes"]
[Result "1-0"]
[WhiteElo "2197"]
[BlackElo "2096"]
[PlyCount "45"]
[EventDate "2007.09.01"]
[EventType "swiss"]
[EventRounds "9"]
[EventCountry "AUT"]

1. d4 Nf6 2. Bg5 e6 3. Nd2 d5 4. e3 c5 5. c3 Nbd7 6. f4 Be7 7. Bd3 a6 8. Ngf3
b5 9. O-O Bb7 10. Ne5 c4 11. Bc2 Ne4 12. Nxe4 dxe4 13. Qh5 O-O 14. Nxd7 Qxd7
15. Bxe7 Qxe7 16. f5 f6 17. Rf4 exf5 18. Qxf5 Rae8 19. b4 Qe6 20. a4 Qxf5 21.
Rxf5 Bc6 22. Rc5 Rc8 23. axb5 1-0

[Event "18.Open Seefeld"]
[Site "Seefeld / Oesterreich"]
[Date "2007.09.05"]
[Round "5"]
[White "Jaenig, Reinhard"]
[Black "Willin, Bernhard"]
[Result "1-0"]
[WhiteElo "2176"]
[BlackElo "2002"]
[PlyCount "59"]
[EventDate "2007.09.01"]
[EventType "swiss"]
[EventRounds "9"]
[EventCountry "AUT"]

1. e4 c5 2. Nf3 d6 3. d4 cxd4 4. Nxd4 Nf6 5. Nc3 a6 6. Bg5 e6 7. f4 Qc7 8. Qf3
Nc6 9. O-O-O Bd7 10. Bxf6 gxf6 11. f5 e5 12. Nd5 Qd8 13. Ne6 Bxe6 14. fxe6 fxe6
15. Nxf6+ Ke7 16. Ng4 Bg7 17. Bc4 Qc7 18. Rhf1 Raf8 19. Qh3 Nd4 20. Ne3 b5 21.
Bxe6 Ke8 22. c3 Ne2+ 23. Kb1 Nf4 24. Rxf4 exf4 25. Nd5 Qa7 26. Qh5+ Kd8 27.
Qg5+ Ke8 28. Bg4 Be5 29. Bh5+ Rf7 30. Qf5 1-0

[Event "18.Open Seefeld"]
[Site "Seefeld / Oesterreich"]
[Date "2007.09.05"]
[Round "5"]
[White "Schunk, Thomas"]
[Black "Plock, Christian"]
[Result "1-0"]
[WhiteElo "2346"]
[BlackElo "1986"]
[PlyCount "65"]
[EventDate "2007.09.01"]
[EventType "swiss"]
[EventRounds "9"]
[EventCountry "AUT"]

1. c4 e6 2. Nf3 d5 3. b3 Nf6 4. Bb2 c5 5. e3 Nc6 6. Be2 Bd6 7. O-O O-O 8. d4 b6
9. Nc3 cxd4 10. exd4 Bb7 11. g3 Rc8 12. Rc1 Na5 13. Nd2 Bb4 14. a3 Be7 15. Na2
dxc4 16. bxc4 Ne4 17. Nxe4 Bxe4 18. Nb4 Bf6 19. f3 Bb7 20. Rf2 Qd7 21. Bf1 Rfd8
22. Rd2 Bg5 23. f4 Be7 24. h3 Nc6 25. Nc2 Rc7 26. Kh2 Na5 27. Ne3 Rdc8 28. Bd3
Bd6 29. d5 exd5 30. Bf5 Qe7 31. Bxc8 Rxc8 32. Nf5 Qd7 33. Qg4 1-0

[Event "18.Open Seefeld"]
[Site "Seefeld / Oesterreich"]
[Date "2007.09.05"]
[Round "5"]
[White "Heinig, Wolfram"]
[Black "Pregl, Walter"]
[Result "1-0"]
[WhiteElo "2360"]
[BlackElo "2046"]
[PlyCount "71"]
[EventDate "2007.09.01"]
[EventType "swiss"]
[EventRounds "9"]
[EventCountry "AUT"]

1. d4 Nf6 2. c4 g6 3. Nc3 Bg7 4. e4 d6 5. Be2 O-O 6. Bg5 Nbd7 7. Qd2 c5 8. d5
b5 9. cxb5 a6 10. Nf3 axb5 11. Bxb5 Ba6 12. Bxa6 Rxa6 13. O-O Qa5 14. h3 Rb8
15. Rab1 Nb6 16. Rfc1 Na4 17. e5 dxe5 18. Nxe5 Rd8 19. Nc4 Qb4 20. Qe2 Qb7 21.
Nxa4 Rxa4 22. b3 Raa8 23. Bxf6 Bxf6 24. Rd1 Rxd5 25. Rxd5 Qxd5 26. Nb6 Qf5 27.
Rd1 Ra7 28. Nd5 e6 29. Nxf6+ Qxf6 30. a4 Rb7 31. Qc4 Qe5 32. a5 Rb4 33. Qc2 Rd4
34. a6 Rxd1+ 35. Qxd1 Qb8 36. Qd7 1-0

[Event "18.Open Seefeld"]
[Site "Seefeld / Oesterreich"]
[Date "2007.09.05"]
[Round "5"]
[White "Kugelmann, Werner"]
[Black "Hofer, Franz"]
[Result "1-0"]
[WhiteElo "2202"]
[BlackElo "2051"]
[PlyCount "53"]
[EventDate "2007.09.01"]
[EventType "swiss"]
[EventRounds "9"]
[EventCountry "AUT"]

1. e4 e6 2. d4 d5 3. Nd2 c5 4. Ngf3 cxd4 5. exd5 Qxd5 6. Bc4 Qd6 7. O-O Nf6 8.
Nb3 Nc6 9. Nbxd4 Nxd4 10. Nxd4 a6 11. c3 Qc7 12. Bb3 Bd6 13. h3 O-O 14. Qf3 Bd7
15. Bg5 Bh2+ 16. Kh1 Be5 17. Rad1 Rad8 18. Bc2 Bxd4 19. Rxd4 Bc6 20. Qd1 Rxd4
21. Qxd4 Rd8 22. Qh4 Qe5 23. Bxh7+ Kf8 24. Bc2 Qd5 25. Rg1 Qxa2 26. Qh8+ Ke7
27. Qxg7 1-0

[Event "18.Open Seefeld"]
[Site "Seefeld / Oesterreich"]
[Date "2007.09.05"]
[Round "5"]
[White "Huettemann, Ralf"]
[Black "Jandke, Manfred"]
[Result "1-0"]
[WhiteElo "1998"]
[BlackElo "2201"]
[PlyCount "83"]
[EventDate "2007.09.01"]
[EventType "swiss"]
[EventRounds "9"]
[EventCountry "AUT"]

1. e4 e6 2. d4 d5 3. e5 c5 4. c3 Bd7 5. Nf3 a6 6. Be3 cxd4 7. Nxd4 Qc7 8. f4
Ne7 9. Bd3 Nbc6 10. Nf3 Ng6 11. O-O Be7 12. Nbd2 Na5 13. Qe2 Rc8 14. Rae1 O-O
15. Kh1 Nc4 16. Nxc4 dxc4 17. Bb1 b5 18. Bc1 Bc6 19. Nd4 Bb7 20. Qh5 Bc5 21.
Re3 Bxd4 22. cxd4 Qc6 23. Be4 Qb6 24. Rh3 h6 25. Bxb7 Qxb7 26. f5 exf5 27. Qxf5
Qc6 28. Bd2 Qe6 29. Qh5 Rfd8 30. Bxh6 gxh6 31. Rf6 Qxf6 32. exf6 Rxd4 33. Rg3
Kh7 34. h3 b4 35. Qf5 Rcd8 36. Qc5 Rf4 37. Rf3 Rxf3 38. gxf3 Rd1+ 39. Kh2 Rd2+
40. Kg3 Rxb2 41. Qxc4 Kg8 42. Qc1 1-0

[Event "18.Open Seefeld"]
[Site "Seefeld / Oesterreich"]
[Date "2007.09.05"]
[Round "5"]
[White "Schlosser, Andree"]
[Black "Schnegg, Daniel"]
[Result "1-0"]
[WhiteElo "2200"]
[BlackElo "2012"]
[PlyCount "75"]
[EventDate "2007.09.01"]
[EventType "swiss"]
[EventRounds "9"]
[EventCountry "AUT"]

1. d4 Nf6 2. Bf4 g6 3. e3 Bg7 4. Nf3 d6 5. h3 O-O 6. Be2 Nbd7 7. O-O Qe8 8. Bh2
e5 9. c3 Qe7 10. Na3 Ne8 11. dxe5 dxe5 12. Nc4 Rb8 13. a4 b6 14. Qc2 Nd6 15.
Nxd6 Qxd6 16. Rfd1 Qe7 17. Bb5 Nc5 18. b4 Bf5 19. Qb2 Nb7 20. Bg3 Rbd8 21. Bc6
Nd6 22. Qb3 Kh8 23. a5 Bd7 24. Bxd7 Rxd7 25. axb6 cxb6 26. Rd5 f6 27. Rad1 b5
28. Qa2 Rc8 29. Qa6 Rcd8 30. Qc6 Rc7 31. Rxd6 Rxc6 32. Rxd8+ Qf8 33. Rxf8+ Bxf8
34. Nxe5 Rxc3 35. Rd8 Kg7 36. Rd7+ Kh6 37. Ng4+ Kg5 38. Rd5+ 1-0

[Event "18.Open Seefeld"]
[Site "Seefeld / Oesterreich"]
[Date "2007.09.05"]
[Round "5"]
[White "Storkebaum, Karl-Heinrich"]
[Black "Mueller, Helmut"]
[Result "0-1"]
[WhiteElo "2038"]
[BlackElo "2077"]
[PlyCount "132"]
[EventDate "2007.09.01"]
[EventType "swiss"]
[EventRounds "9"]
[EventCountry "AUT"]

1. d4 e6 2. c4 c5 3. d5 exd5 4. cxd5 d6 5. Nc3 g6 6. e4 Bg7 7. Nf3 a6 8. a4 Nf6
9. Be2 O-O 10. h3 Re8 11. Qc2 Nbd7 12. Bf4 Qe7 13. Nd2 Ne5 14. O-O h6 15. Bg3
g5 16. f4 gxf4 17. Bxf4 Rf8 18. Rae1 Bd7 19. Nc4 Nxc4 20. Bxc4 Nh5 21. Bh2 Be5
22. Bxe5 Qxe5 23. Qd2 Kh7 24. Rf3 Rae8 25. Ref1 f6 26. Ne2 Rg8 27. Rf5 Bxf5 28.
Rxf5 Rxg2+ 29. Kxg2 Qxe4+ 30. Rf3 Qxc4 31. Nc3 Rg8+ 32. Kh2 Rg5 33. Qd3+ Qxd3
34. Rxd3 Nf4 35. Rd2 f5 36. Rf2 Nd3 37. Rd2 Ne5 38. Rf2 Kg6 39. Ne2 Nd3 40. Rf3
Ne1 41. Nf4+ Kf7 42. Re3 Nc2 43. Rb3 Nd4 44. Re3 h5 45. a5 h4 46. Rd3 Kf6 47.
Re3 Rg8 48. Kh1 Kg5 49. Ne6+ Nxe6 50. Rxe6 f4 51. Kg2 Kf5+ 52. Kf2 Rg3 53. Rxd6
Ke5 54. Rb6 Kxd5 55. Rxb7 Rxh3 56. Rb6 c4 57. Rxa6 Rb3 58. Rh6 Rxb2+ 59. Kf3 h3
60. Kxf4 h2 61. Ke3 c3 62. a6 Ra2 63. a7 Kc4 64. Rxh2 Rxa7 65. Rh4+ Kb3 66. Rh6
Rb7 0-1

[Event "18.Open Seefeld"]
[Site "Seefeld / Oesterreich"]
[Date "2007.09.05"]
[Round "5"]
[White "Stoer, Andreas"]
[Black "Gatterer, Matthias"]
[Result "1/2-1/2"]
[WhiteElo "2171"]
[BlackElo "1973"]
[PlyCount "56"]
[EventDate "2007.09.01"]
[EventType "swiss"]
[EventRounds "9"]
[EventCountry "AUT"]

1. c4 e6 2. Nf3 d5 3. g3 Nf6 4. Bg2 Be7 5. O-O O-O 6. d4 dxc4 7. Qc2 a6 8. a4
Bd7 9. Qxc4 Bc6 10. Bg5 Bd5 11. Qc2 Be4 12. Qc1 a5 13. Nc3 Bc6 14. Qb1 h6 15.
Bxf6 Bxf6 16. Rd1 Na6 17. e4 Nb4 18. Ra3 Qd7 19. d5 exd5 20. exd5 Bxd5 21. Nxd5
Nxd5 22. Ne5 Bxe5 23. Rxd5 Bd6 24. Rd4 Rab8 25. Rc3 Rfe8 26. Rc5 Re7 27. Rxa5
Rbe8 28. Re4 Rxe4 1/2-1/2

[Event "18.Open Seefeld"]
[Site "Seefeld / Oesterreich"]
[Date "2007.09.05"]
[Round "5"]
[White "Gruber, Michael"]
[Black "Helbig, Dieter"]
[Result "1-0"]
[WhiteElo "2160"]
[BlackElo "1863"]
[PlyCount "95"]
[EventDate "2007.09.01"]
[EventType "swiss"]
[EventRounds "9"]
[EventCountry "AUT"]

1. e4 c5 2. Nf3 Nc6 3. d4 cxd4 4. Nxd4 g6 5. Nc3 Bg7 6. Be3 Nf6 7. Nb3 O-O 8.
f3 d6 9. Qd2 a6 10. O-O-O Be6 11. Bh6 Rc8 12. Nd5 Bxd5 13. exd5 Bxh6 14. Qxh6
Nb4 15. Bd3 Nxa2+ 16. Kb1 Nb4 17. h4 Qd7 18. h5 Qa4 19. hxg6 Qa2+ 20. Kc1 Qxb3
21. gxh7+ Kh8 22. Qxf8+ Rxf8 23. cxb3 Nfxd5 24. Be4 Nf4 25. Rd2 Ne6 26. Kb1 Nc5
27. Bc2 d5 28. Rh4 Nxc2 29. Kxc2 e6 30. b4 Nd7 31. Rd3 Rc8+ 32. Rc3 Rxc3+ 33.
bxc3 b5 34. Kd3 Ne5+ 35. Kd4 Nd7 36. Rh1 Nb6 37. f4 Nd7 38. Rh6 Nf8 39. f5 exf5
40. Kxd5 Ng6 41. Kc5 Nf4 42. Rf6 Kxh7 43. Rxf5 Ne6+ 44. Kb6 Kg6 45. Rf2 Ng5 46.
Kxa6 Ne4 47. Rf3 Nd6 48. Rd3 1-0

[Event "18.Open Seefeld"]
[Site "Seefeld / Oesterreich"]
[Date "2007.09.05"]
[Round "5"]
[White "Maurer, Rainer"]
[Black "Nedelchev, Nikolai"]
[Result "1/2-1/2"]
[WhiteElo "2117"]
[BlackElo "1980"]
[PlyCount "102"]
[EventDate "2007.09.01"]
[EventType "swiss"]
[EventRounds "9"]
[EventCountry "AUT"]

1. d4 Nf6 2. c4 e6 3. Nf3 d5 4. g3 dxc4 5. Bg2 a6 6. Ne5 Nbd7 7. Nxc4 Be7 8.
O-O O-O 9. Nc3 c6 10. a4 a5 11. e4 Nb6 12. Ne3 Bb4 13. Ne2 Bd7 14. Bd2 Qe7 15.
b3 Rfd8 16. Bxb4 Qxb4 17. Rc1 Be8 18. Nc4 Nbd7 19. Qc2 Nb8 20. Rfd1 Na6 21. Nf4
b5 22. Ne3 Rxd4 23. Rxd4 Qxd4 24. Rd1 Qa7 25. e5 Nb4 26. Qe2 Nfd5 27. Nexd5
cxd5 28. axb5 Rc8 29. h4 Rc2 30. Rd2 Rxd2 31. Qxd2 Bxb5 32. Qc3 Qd7 33. Qc5 h6
34. Qb6 Nc2 35. Qxa5 Nd4 36. Qa8+ Kh7 37. Qf8 Qe8 38. Qb4 Nf5 39. Bf1 Bc6 40.
Bd3 Kg8 41. Bxf5 exf5 42. Qd6 Qa8 43. e6 fxe6 44. Qxe6+ Kh8 45. h5 d4 46. Kh2
Be4 47. Ng6+ Kh7 48. Ne5 Qa1 49. Qg6+ Kg8 50. Qf7+ Kh7 51. Qg6+ Kg8 1/2-1/2

[Event "18.Open Seefeld"]
[Site "Seefeld / Oesterreich"]
[Date "2007.09.05"]
[Round "5"]
[White "Stock, Juergen"]
[Black "Eiter, Meinhard"]
[Result "1-0"]
[WhiteElo "2074"]
[BlackElo "1845"]
[PlyCount "75"]
[EventDate "2007.09.01"]
[EventType "swiss"]
[EventRounds "9"]
[EventCountry "AUT"]

1. d4 g6 2. c3 Bg7 3. Bg5 Nf6 4. Nd2 d6 5. e3 Nbd7 6. f4 O-O 7. Bc4 c6 8. Ngf3
Qc7 9. O-O Nb6 10. Bb3 a5 11. a3 c5 12. Qe1 a4 13. Bc2 Nbd7 14. Qh4 cxd4 15.
exd4 e6 16. h3 b6 17. Bh6 Bb7 18. Ng5 Rfc8 19. Rae1 Nf8 20. g4 Ne8 21. Bxg7
Kxg7 22. f5 exf5 23. gxf5 h5 24. fxg6 f6 25. Qxh5 Ra5 26. Ne6+ Kg8 27. Qxa5
Nxe6 28. Qh5 Ng5 29. Bf5 Ng7 30. Qg4 Nxf5 31. Rxf5 Kg7 32. h4 Rh8 33. hxg5 Rh1+
34. Kf2 Rh2+ 35. Ke3 Qe7+ 36. Ne4 Rh3+ 37. Qxh3 Qxe4+ 38. Kd2 1-0

[Event "18.Open Seefeld"]
[Site "Seefeld / Oesterreich"]
[Date "2007.09.05"]
[Round "5"]
[White "Shahin, Walid"]
[Black "Stuch, Hans-Ferdinand"]
[Result "1-0"]
[WhiteElo "2068"]
[BlackElo "1602"]
[PlyCount "73"]
[EventDate "2007.09.01"]
[EventType "swiss"]
[EventRounds "9"]
[EventCountry "AUT"]

1. d4 e5 2. dxe5 Nc6 3. Nf3 Qe7 4. g3 Nxe5 5. Bg2 Nf6 6. Nc3 c6 7. O-O d5 8.
Re1 Ne4 9. Nxe5 Qxe5 10. Be3 Bf5 11. Bd4 Qe6 12. Nxe4 dxe4 13. Qc1 c5 14. Be3
Be7 15. c3 O-O 16. Qc2 b6 17. Qa4 a5 18. Qb5 Rfd8 19. a3 a4 20. b4 axb3 21.
Reb1 Ra5 22. Qxb3 Qxb3 23. Rxb3 b5 24. Rab1 Be6 25. R3b2 Rxa3 26. Rxb5 Rxc3 27.
Bxe4 Bc4 28. Rb8 Rf8 29. Bf3 Be6 30. Kg2 g6 31. Bh6 c4 32. Bxf8 Bxf8 33. Rd1
Kg7 34. Bd5 Rb3 35. Rxb3 cxb3 36. Bxe6 b2 37. Ba2 1-0

[Event "18.Open Seefeld"]
[Site "Seefeld / Oesterreich"]
[Date "2007.09.05"]
[Round "5"]
[White "Wempe, Juergen"]
[Black "Kreusch, Frank"]
[Result "1-0"]
[WhiteElo "2204"]
[BlackElo "2022"]
[PlyCount "65"]
[EventDate "2007.09.01"]
[EventType "swiss"]
[EventRounds "9"]
[EventCountry "AUT"]

1. e4 d5 2. Nc3 Nf6 3. e5 d4 4. exf6 dxc3 5. bxc3 exf6 6. Bc4 Be6 7. Bxe6 fxe6
8. Qh5+ g6 9. Qb5+ Nd7 10. Qxb7 Bd6 11. d4 e5 12. Qd5 Nb6 13. Qe6+ Qe7 14.
Qxe7+ Kxe7 15. Ne2 Nc4 16. O-O Rhb8 17. dxe5 Bxe5 18. Nd4 Rb6 19. a4 Kf7 20. a5
Ra6 21. Ra4 Nb6 22. axb6 Rxa4 23. b7 Rb8 24. Nc6 Rxb7 25. Nd8+ Ke7 26. Nxb7
Bxc3 27. Be3 a5 28. Rd1 Ra2 29. Bc5+ Ke8 30. g3 Rxc2 31. Rd8+ Kf7 32. Rd7+ Ke6
33. Rxc7 1-0

[Event "18.Open Seefeld"]
[Site "Seefeld / Oesterreich"]
[Date "2007.09.05"]
[Round "5"]
[White "Babinetz, Rainer"]
[Black "Schulze, Joachim"]
[Result "1-0"]
[WhiteElo "2139"]
[BlackElo "1996"]
[PlyCount "99"]
[EventDate "2007.09.01"]
[EventType "swiss"]
[EventRounds "9"]
[EventCountry "AUT"]

1. d4 Nf6 2. c4 g6 3. Nc3 Bg7 4. e4 d6 5. f4 O-O 6. Nf3 c5 7. d5 Re8 8. Be2 e5
9. fxe5 Ng4 10. exd6 Qxd6 11. Nb5 Qd8 12. O-O a6 13. Nc3 Qd6 14. g3 h5 15. Bf4
Ne5 16. Qd2 Bh3 17. Rf2 Nbd7 18. Ng5 Bg4 19. Bxg4 hxg4 20. Nxf7 Qe7 21. Bg5 Bf6
22. Bxf6 Nxf6 23. Nxe5 Qxe5 24. Qh6 Nxe4 25. Re1 Qg5 26. Qxg5 Nxg5 27. Rxe8+
Rxe8 28. Re2 Rf8 29. Ne4 Nf3+ 30. Kg2 Kg7 31. Nxc5 Rh8 32. Ne6+ Kf6 33. Kh1 Ne5
34. b3 Rc8 35. Re4 Rh8 36. Nf4 g5 37. Rxe5 gxf4 38. gxf4 g3 39. h3 Rxh3+ 40.
Kg2 Rh2+ 41. Kxg3 Rxa2 42. Kg4 Rg2+ 43. Kf3 Rd2 44. Ke3 Rd1 45. Re6+ Kf5 46.
Rb6 Re1+ 47. Kd4 Re7 48. d6 Rd7 49. Kd5 Kf6 50. c5 1-0

[Event "18.Open Seefeld"]
[Site "Seefeld / Oesterreich"]
[Date "2007.09.05"]
[Round "5"]
[White "Klein, Gereon"]
[Black "Schmidt, Juergen"]
[Result "0-1"]
[WhiteElo "2009"]
[BlackElo "2130"]
[PlyCount "42"]
[EventDate "2007.09.01"]
[EventType "swiss"]
[EventRounds "9"]
[EventCountry "AUT"]

1. Nf3 Nf6 2. c4 e6 3. d4 d5 4. Bg5 Be7 5. Nc3 O-O 6. cxd5 exd5 7. e3 c6 8. Qc2
Nbd7 9. Bd3 Re8 10. O-O Nf8 11. Rab1 Ng4 12. Bxe7 Rxe7 13. Rfe1 Qd6 14. h3 Nh6
15. e4 dxe4 16. Nxe4 Qd8 17. Qc5 Ne6 18. Qh5 Nf4 19. Nf6+ gxf6 20. Qxh6 Nxd3
21. Red1 Bf5 0-1

[Event "18.Open Seefeld"]
[Site "Seefeld / Oesterreich"]
[Date "2007.09.05"]
[Round "5"]
[White "Rahn, Oskar"]
[Black "Wittelsberger, Helmut"]
[Result "1-0"]
[WhiteElo "2122"]
[BlackElo "1996"]
[PlyCount "111"]
[EventDate "2007.09.01"]
[EventType "swiss"]
[EventRounds "9"]
[EventCountry "AUT"]

1. e4 c5 2. Nf3 Nc6 3. Bb5 Qb6 4. Nc3 Nd4 5. Bc4 e6 6. O-O a6 7. d3 Qc7 8. a4
b6 9. Be3 Nxf3+ 10. Qxf3 Bb7 11. Qe2 Be7 12. f4 d6 13. f5 e5 14. Nd5 Bxd5 15.
Bxd5 Rd8 16. Qh5 Bf8 17. Qf3 Nf6 18. Bc4 Qb7 19. Bd2 Be7 20. g4 h6 21. Qh3 Nh7
22. Bd5 Qc7 23. Qg2 Nf6 24. Bc4 Qb7 25. h4 Nh7 26. g5 hxg5 27. hxg5 f6 28. g6
Ng5 29. Bxg5 fxg5 30. Bf7+ Kf8 31. Rf3 Bf6 32. Rh3 Ke7 33. Bd5 Qb8 34. Rh7 Rxh7
35. gxh7 Rh8 36. Bg8 Qe8 37. Qg4 Kd8 38. Kg2 Ke7 39. b3 Kd8 40. Rh1 a5 41. Qh5
Qxh5 42. Rxh5 Ke8 43. Kf3 Kf8 44. Kg4 Ke7 45. Rxg5 Kf8 46. Rg6 Rxg8 47. hxg8=Q+
Kxg8 48. Kh5 Kf7 49. Kg4 Ke7 50. Kf3 Kd7 51. Ke2 Kc6 52. Kd2 b5 53. axb5+ Kxb5
54. Kc3 Kb6 55. Kc4 Kc6 56. Rg2 1-0

[Event "18.Open Seefeld"]
[Site "Seefeld / Oesterreich"]
[Date "2007.09.05"]
[Round "5"]
[White "Wiesbeck, Florian"]
[Black "Dalnodar, Bernhard"]
[Result "1/2-1/2"]
[WhiteElo "1990"]
[BlackElo "1709"]
[PlyCount "56"]
[EventDate "2007.09.01"]
[EventType "swiss"]
[EventRounds "9"]
[EventCountry "AUT"]

1. d4 d5 2. c4 c6 3. cxd5 cxd5 4. Nc3 Nf6 5. Nf3 e6 6. Bg5 Nc6 7. e3 Bb4 8. Qc2
h6 9. Bh4 g5 10. Bg3 Ne4 11. Bd3 Nxc3 12. bxc3 Bd6 13. e4 Qc7 14. e5 Be7 15. h4
g4 16. Ng1 h5 17. Ne2 Bd7 18. Bf4 O-O-O 19. g3 Na5 20. a4 Nc4 21. O-O Kb8 22.
Qb3 Rc8 23. Rfb1 Ka8 24. a5 Rb8 25. Qa2 Rbc8 26. Nc1 Bd8 27. Nb3 Be7 28. Nc1
Bd8 1/2-1/2